000 00345nam a2200145Ia 4500
008 230605s1998 xx 000 0 und d
041 _aeng
100 _aOjugo C.
245 _aPractical Food & Beverage cost control
260 _bDclmar pub.
_c1998
300 _a404p
520 _aHard Board
520 _aReference Copy
650 _aF.Pro
999 _c420789
_d420789